书目信息 |
| 书名: | The Only Way To Do It -Is To Do It | |
| 作者: | Change Activist | |
| 分册号: | ||
| 分册名: | 出版地: | U.S.A. |
|
| 出版社: | Perseus Publishing | |
| 出版时间: | 2001 | |
| 页数: | 225p | |
| 开本: | 24cm | |
| 丛书名: | ||
| 中图分类号: | ||
| 科图分类号: | ||
| 其他分类号: | B848.4 | |
| 主题词: | ||
| 电子资源: | ||
| 000 | 00482nam0 2200181 450 | |
| 001 | 052012179572 | |
| 005 | 20121114101828.0 | |
| 008 | 20021229d1997 em y0chiy0121 ea | |
| 020 | @a978-0-7382-0652-3@c$20.00 | |
| 041 | @aeng | |
| 091 | @aB848.4 | |
| 099 | @dB848.4@eC45681 | |
| 100 | @aChange Activist | |
| 245 | 10 | @aThe Only Way To Do It -Is To Do It @cChange Activist |
| 260 | @aU.S.A.@bPerseus Publishing@c2001 | |
| 300 | @a225p@c24cm | |
| 905 | @b11323 | |
| 905 | @aTSG@dB848.4@eC45681 | |
| The Only Way To Do It -Is To Do It / Change Activist.-U.S.A. : Perseus Publishing , 2001 |
| 225p ; 24cm |
| ISBN 978-0-7382-0652-3$20.00 |
| ● |
| 相关链接 |
|
|
|
正题名:The Only Way To Do It -Is To Do It
索取号:B848.4/C45681
 
预约/预借
| 序号 | 登录号 | 条形码 | 馆藏地/架位号 | 状态 | 备注 |